| 000 | 01037nam a22002657a 4500 | ||
|---|---|---|---|
| 001 | 2897 | ||
| 003 | FISKH | ||
| 005 | 20250211153049.0 | ||
| 008 | 240122b cb ||||| |||| 00| 0 eng d | ||
| 020 | _a9781842557235en | ||
| 040 |
_aFISKH _beng _cFISKH _dFISKH |
||
| 082 | _a823.914 | ||
| 100 | _aSimon, Francesca | ||
| 245 |
_aHorrid Henry's holiday / _cby Francesca Simon ; Illustrated by Tony Ross |
||
| 250 | _aThis edition published in 1994 | ||
| 260 |
_aLondon : _bOrion Books, _c2009 |
||
| 300 |
_a76 pages : _bcolor illustrations ; _c20 cm |
||
| 505 | _aN | ||
| 520 | _aEarly Readers are stepping stones from picture books to reading books. A blue Early Reader is perfect for sharing and reading together. A red Early Reader is the next step on your reading journey. Horrid Henry is up to high jinks, causing chaos on his family holiday. | ||
| 521 | 8 |
_a560
_bLexile |
|
| 521 | 8 |
_aN
_bRaz-Plus |
|
| 650 |
_aChildren Fiction _vJuvenile Literature |
||
| 700 |
_aRoss, Tony _eIllustrator |
||
| 942 |
_2ddc _cBK _n0 |
||
| 999 |
_c2897 _d2897 |
||